|
|
|
|
| LEADER |
00000cam a2200000 c 4500 |
| 001 |
239233468 |
| 003 |
DE-627 |
| 005 |
20250120015741.0 |
| 007 |
tu |
| 008 |
980127s1957 it ||||| 00| ||ita c |
| 035 |
|
|
|a (DE-627)239233468
|
| 035 |
|
|
|a (DE-576)9239233466
|
| 035 |
|
|
|a (DE-599)GBV239233468
|
| 035 |
|
|
|a (OCoLC)245964003
|
| 040 |
|
|
|a DE-627
|b ger
|c DE-627
|e rda
|
| 041 |
|
|
|a ita
|
| 044 |
|
|
|c XA-IT
|
| 084 |
|
|
|a 1
|2 ssgn
|
| 100 |
1 |
|
|8 1\p
|0 (DE-588)120193280
|0 (DE-627)08051247X
|0 (DE-576)213099861
|4 aut
|a Pastore, Annibale
|d 1868-1956
|
| 109 |
|
|
|a Pastore, Annibale 1868-1956
|
| 245 |
1 |
0 |
|a Logicalia
|b saggi di logica e di filosofia della scienza
|c a cura di Annibale Pastore
|
| 264 |
|
1 |
|a Padova
|b CEDAM
|c 1957
|
| 300 |
|
|
|a 282 S
|
| 336 |
|
|
|a Text
|b txt
|2 rdacontent
|
| 337 |
|
|
|a ohne Hilfsmittel zu benutzen
|b n
|2 rdamedia
|
| 338 |
|
|
|a Band
|b nc
|2 rdacarrier
|
| 490 |
1 |
|
|a Il pensiero filosofico
|a Serie 3
|v 4
|
| 600 |
1 |
7 |
|0 (DE-588)4304592-3
|0 (DE-627)121643581
|0 (DE-576)211069248
|a Augustinus, Aurelius
|c Heiliger
|d 354-430
|t De genesi ad litteram
|2 gnd
|
| 830 |
|
3 |
|a Il pensiero filosofico
|v 4
|9 4
|w (DE-627)17120929X
|w (DE-576)9171209298
|w (DE-600)1165807-1
|7 am
|
| 883 |
|
|
|8 1\p
|a cgwrk
|d 20241001
|q DE-101
|u https://d-nb.info/provenance/plan#cgwrk
|
| 935 |
|
|
|a AUGU
|
| 951 |
|
|
|a BO
|
| ELC |
|
|
|b 1
|
| LOK |
|
|
|0 000 xxxxxcx a22 zn 4500
|
| LOK |
|
|
|0 001 4232026533
|
| LOK |
|
|
|0 003 DE-627
|
| LOK |
|
|
|0 004 239233468
|
| LOK |
|
|
|0 005 20221220151413
|
| LOK |
|
|
|0 008 221215||||||||||||||||ger|||||||
|
| LOK |
|
|
|0 035
|a (DE-Tue135-4)zaf-21001
|
| LOK |
|
|
|0 040
|a DE-Tue135-4
|c DE-627
|d DE-Tue135-4
|
| LOK |
|
|
|0 092
|o n
|
| LOK |
|
|
|0 689
|a t
|0 1826901914
|t De Genesi ad litteram = Gn. litt.
|x 00
|
| LOK |
|
|
|0 689
|a s
|0 1826896333
|a cogitatio
|
| LOK |
|
|
|0 852
|a DE-Tue135-4
|
| LOK |
|
|
|0 852 1
|9 00
|
| LOK |
|
|
|0 935
|a wumi
|
| LOK |
|
|
|0 939
|a 15-12-22
|b l01
|
| ORI |
|
|
|a SA-MARC-ixtheoa001.raw
|
| SYA |
0 |
0 |
|a Augustinus, Aurelius,Heiliger,354-430,Über den Wortlaut der Genesis,Augustinus, Aurelius,Heiliger,354-430,De Genesi ad litteram,Augustinus, Aurelius,Heiliger,354-430,The literal meaning of Genesis,Augustinus, Aurelius,Heiliger,354-430,Psychologie und Mystik,Augustinus, Aurelius,Heiliger,354-430,La Genesi alla lettera,Augustinus, Aurelius,Heiliger,354-430,De genesi ad litteram liber imperfectus,Augustinus, Aurelius,Heiliger,354-430,Gn. litt.
|